000 00535nam a2200181Ia 4500
003 GCL
008 140319s9999 xx 000 0 eng d
040 _aGCL /
_cGCL
082 0 4 _a621.38122
_bO E
100 1 _aOLYSLAGER, FRANK
245 1 0 _aELECTROMAGNETIC AND CIRCUIT MODELLING OF MULTICONDUCTOR TRANSMISSION LINES /
_cOLYSLAGER, FRANK
700 1 _aZUTTER, DANIEL
260 _a[S.N] :
_bCLARENCLON PRESS ،
_c1993
300 _a245 P
650 0 4 _aDATA PROCESSING
650 0 4 _aMICROWAVE TRANSMISSION LINES
942 _2ddc
_cBK
999 _c21368
_d21368